| 000 | 00433cam a2200181ua 4500 | ||
|---|---|---|---|
| 020 | _c37.50 | ||
| 041 |
_aeng _h |
||
| 082 |
_a515.63 _bNEW/VE |
||
| 100 | _aNewel, Homeer . | ||
| 245 | 0 | 0 |
_aVector analysis / _cHOmer Newell. _hTextual Documents |
| 250 |
_a1 / _b. |
||
| 260 |
_aNew York : _bMcGraw Hill Book Company , _c1955. |
||
| 300 | _a216 ; . | ||
| 365 | _a37.50 | ||
| 504 | _a | ||
| 942 | _cBK | ||
| 999 |
_c2943 _d2943 |
||